000 00377nam a22001577a 4500
003 OSt
008 240802b |||||||| |||| 00| 0 eng d
082 _a658.89
_bM29R
100 _aManjula
245 _aProject Report on Role of Chetna Vikash Prishad... Bihar
260 _aPusa
_bMBA
_c2015
300 _a42p.
650 _aMBA
650 _aProject Report
942 _2ddc
_cT
999 _c43128
_d43128